000
00303nam a22001337a 4500
008
181218b xxu||||| |||| 00| 0 eng d
020
_a
9780596000028
041
_a
eng
080
_a
004
100
_a
30
101
_a
SHK
245
_a
Understading The Linux Kernel
_c
Daniel.P.B
942
_2
udc
_c
BK
999
_c
53416
_d
53416